Statystyki dla Quebonafide ROMANTICPSYCHO wszystkie featy

Kliknij tutaj aby rozwiązać quiz!

Ogólne statystyki

  • Ten quiz został rozwiązany 144 razy
  • Średni wynik to 10 z 15

Statystyki odpowiedzi

NumerFeat% Poprawnych
TOKYO2020Taco Hemingway
89%
ASPARTAMMata
85%
JESIEŃNatalia Szroeder
81%
NIEPŁACZĘPONOTREDAMEBedoes
79%
BUBBLETEADaria Zawiałow
79%
ROMANTICPSYCHOTaco Hemingway
76%
ŚWIATTOMÓJPLACZABAWSentino
74%
GAZPROMSokół
73%
TĘSKNIEZASTARYMKANYENatalia Szroeder
66%
ZŁOTEGLOBYKukon
57%
ŁAJZAMrozu
57%
TOWSZYSTKOBYŁODLACIEBIERalph Kaminski
50%
AJETLAGMÓJNOWYDRAGKiełas
36%
COJESTMAŁPYSmarki Smark
36%
RUMPELSTILSKINVito Bambino
35%

Rozkład punktacji

Percentyl według liczby udzielonych odpowiedzi

Procent ludzi z każdym wynikiem

Twoja historia wyników

Nie rozwiązałeś tego quizu